000 00315nam a22001457a 4500
008 210429b ||||| |||| 00| 0 eng d
020 _a9781269682497
041 _aeng
080 _29th
_a82
082 _a82
100 _a21
101 _aGJL
245 _aThe Longman Writer
_cJanice Neuleib
942 _2udc
_cBK
999 _c56960
_d56960